Kräuter erkennen - Statistiken

Allgemein
  • Dieses Quiz wurde 1.209 mal gespielt
  • Das Durchschnittsergebnis liegt bei 9 aus 16
Antwortstatistiken
Bildquiz Antwort % Korrekt
Basilikum
95%
Kresse
92%
Schnittlauch
91%
Petersilie
83%
Minze
76%
Safran
75%
Rosmarin
72%
Salbei
65%
Thymian
61%
Sesam
48%
Lorbeer
45%
Koriander
42%
Bärlauch
41%
Zitronengras
31%
Estragon
11%
Bohnenkraut
9%
Keine übereinstimmenden Quizze gefunden
Verteilung der Resultate
Anzahl Personen mit jedem Resultat
Perzentil nach korrekt beantworteten Fragen
Ihre Resultats-Entwicklung
Sie haben dieses Quiz noch nicht gespielt